000 01651nam a22003257a 4500
005 20170923020002.0
008 140129b2013 ck ||||| |||| 00| 0 spa d
020 _a9789588343877
041 _aspa
044 _ack
082 0 4 _a597.98
_bM82b
245 0 0 _aBiología y conservación de los crocodylia de Colombia
_ceditado por Mónica Morales-Betancourt ...[et al.]
260 _aBogotá
_bInstituto de Investigación de Recursos Biológicos Alexander von Humboldt
_c2013
300 _a336 p.
_bil. (col), tablas, mapas
_c24 cm.
490 0 _aSerie Recursos Hidrobiológicos y Pesqueros Continentales de Colombia
_v7
504 _aIncluye referencias bibliográficas e índice
520 _aEl libro surge como una necesidad de contar con un punto de partida, que permita dar lineamientos a los trabajos futuros dirigidos a la conservación de los crocodílios de Colombia, Para ello se investigó sobre el estado de conocimiento de los aspectos biológicos y el estado de conservación de las especie, así como se diagnosticaron las amenazas sobre las poblaciones.
650 0 4 _acCocodrilos
_zColombia
_95939
650 0 4 _acocodrilos
_xclasificación
_zColombia
_95940
650 0 4 _acocodrilos
_xconservación de especies
_zColombia
_95941
650 0 4 _acocodrilos
_xespecies amenazadas
_zColombia
_95942
650 0 4 _acocodrilos
_xcria y desarrollo
_95943
650 0 4 _acrocodylia
_95944
650 0 4 _acrocodílios
_95945
700 _aLasso, Carlos A.
_eed.
_9242
700 _aDe la Ossa, Jaime
_eed.
_95947
700 _aFajardo-Patiño, Alirio
_eed.
_95948
700 _95946
_aMorales-Betancourt, Mónica
_eeditora
942 _2ddc
_cImpreso
_03
999 _c8104
_d8104